Pętle tramwajowe w Toruniu - Statystyki

Ogólne statystyki
  • Ten quiz został rozwiązany 258 razy
    165 od ostatniego zresetowania
  • Średni wynik to 5 z 7
Statystyki odpowiedzi
Odpowiedź % Poprawnych
4. Olimpijska
95%
1. Motoarena
93%
2. Elana
88%
5. Uniwersytet
84%
7. Heweliusza
76%
3. Wschodnia
71%
6. Reja
43%
Nie znaleziono quizów pasujących do podanych kryteriów
Rozkład punktacji
Procent ludzi z każdym wynikiem
Percentyl według liczby udzielonych odpowiedzi
Twoja historia wyników
Nie rozwiązałeś tego quizu od ostatniego zresetowania